000 01115cam a2200301 i 4500
999 _c126759
_d126759
001 1793503
003 ARRUPE
005 20170824110633.0
008 790820s1979 nyua b 001 0 eng
010 _a 78055859
020 _a0385143079 :
_c$12.95
040 _aDLC
_cDLC
_dDLC
043 _an-usu--
050 0 0 _aF217.A65
_bF69
082 0 0 _a975/.04
245 0 0 _aFoxfire 5 :
_bironmaking, blacksmithing, flintlock rifles, bear hunting, and other affairs of plain living /
_cedited with an introd. by Eliot Wigginton.
250 _a1st ed.
260 _aGarden City, N.Y. :
_bAnchor Press/Doubleday,
_c1979.
300 _a511 p. :
_bill. ;
_c24 cm.
500 _aIncludes index.
504 _aBibliography: p. 435-436.
650 0 _aCountry life
_zGeorgia
_zRabun Gap
_935183
650 0 _aHandicraft
_zGeorgia
_zRabun Gap
_935184
651 0 _aRabun Gap, Ga (USA)
_935190
700 1 _aWigginton, Eliot.
_4ed.
_935189
906 _a7
_bcbc
_corignew
_d2
_eocip
_f19
_gy-gencatlg
942 _2lcc
_cMONOGRAPH